[Event "London Classic op U1600 8th"]
[Site "London"]
[Date "2016.12.11"]
[Round "4"]
[White "Keetley, Peter"]
[Black "Winberg, Max H"]
[Result "1-0"]
[WhiteElo "1285"]
[BlackElo "1457"]
[PlyCount "125"]
[EventDate "2016.12.09"]
[EventType "swiss"]
[EventRounds "5"]
[EventCountry "ENG"]
[SourceTitle "EXT 2019"]
[Source "ChessBase"]
[SourceDate "2018.10.10"]
[SourceVersion "1"]
[SourceVersionDate "2018.10.10"]
[SourceQuality "1"]

1. d4 e5 2. dxe5 Nc6 3. Nf3 Qe7 4. Nc3 Nxe5 5. e4 c6 6. Nxe5 Qxe5 7. Be2 Nf6 8. Qd3 Bb4 9. f3 0-0 10. Bd2 Re8 11. 0-0-0 d5 12. f4 dxe4 13. fxe5 exd3 14. exf6 dxe2 15. Nxe2 Bxd2+ 16. Rxd2 Bg4 17. Nf4 gxf6 18. h3 Be6 19. Nh5 Re7 20. Re1 f5 21. g4 fxg4 22. hxg4 Kf8 23. Nf6 Kg7 24. g5 Kg6 25. Rg2 Rc8 26. Rh1 Rh8 27. Rh6+ Kg7 28. Nh5+ Kf8 29. Rf2 Rg8 30. Nf6 Rg7 31. Nxh7+ Ke8 32. Nf6+ Kd8 33. Rh8+ Kc7 34. Ne8+ Rxe8 35. Rxe8 Rxg5 36. Re7+ Kb6 37. b3 a5 38. Kb2 Rf5 39. Rxf5 Bxf5 40. Rxf7 Be4 41. Rf4 Bd5 42. c4 Be6 43. Rf6 Bh3 44. Kc3 Bg2 45. Rf4 Bh1 46. a3 Bg2 47. b4 axb4+ 48. axb4 Bh3 49. Rh4 Bd7 50. Rh5 Be6 51. Kd4 Bd7 52. Rg5 Be8 53. Rf5 Bd7 54. Rf6 Be8 55. Ke5 Kc7 56. Re6 Bd7 57. Re7 Kd8 58. Kd6 Bg4 59. Rxb7 Kc8 60. Rg7 Bf3 61. b5 cxb5 62. cxb5 Bb7 63. Rg8# 1-0

[Event "London Classic op U1600 8th"]
[Site "London"]
[Date "2016.12.11"]
[Round "5"]
[White "Winberg, Max H"]
[Black "Vijaya, Siva B"]
[Result "1-0"]
[WhiteElo "1457"]
[BlackElo "1071"]
[PlyCount "57"]
[EventDate "2016.12.09"]
[EventType "swiss"]
[EventRounds "5"]
[EventCountry "ENG"]
[SourceTitle "EXT 2019"]
[Source "ChessBase"]
[SourceDate "2018.10.10"]
[SourceVersion "1"]
[SourceVersionDate "2018.10.10"]
[SourceQuality "1"]

1. e4 c6 2. Nf3 d5 3. exd5 cxd5 4. d4 Nc6 5. Nc3 Nf6 6. Bb5 Bd7 7. Bg5 a6 8. Ba4 e6 9. Ne5 Be7 10. 0-0 0-0 11. Bxc6 Bxc6 12. b3 Rc8 13. Ne2 Bb5 14. Rc1 Qc7 15. Bf4 Bd6 16. a4 Bxe2 17. Qxe2 Rfe8 18. Rfe1 Qb6 19. Qe3 Ba3 20. Ra1 Bb2 21. Ra2 Bxd4 22. Qe2 Ne4 23. Be3 Nc3 24. Qd2 Bxe3 25. Rxe3 Nxa2 26. Rg3 Qb4 27. Rxg7+ Kxg7 28. Qg5+ Kf8 29. Nd7# 1-0

[Event "London Classic op U1600 8th"]
[Site "London"]
[Date "2016.12.10"]
[Round "2"]
[White "Moir, Donald"]
[Black "Winberg, Max H"]
[Result "1-0"]
[WhiteElo "1211"]
[BlackElo "1457"]
[PlyCount "63"]
[EventDate "2016.12.09"]
[EventType "swiss"]
[EventRounds "5"]
[EventCountry "ENG"]
[SourceTitle "EXT 2019"]
[Source "ChessBase"]
[SourceDate "2018.10.10"]
[SourceVersion "1"]
[SourceVersionDate "2018.10.10"]
[SourceQuality "1"]

1. c4 e5 2. g3 Nf6 3. Bg2 Nc6 4. Nc3 Bb4 5. a3 Bxc3 6. bxc3 d6 7. e4 Be6 8. d3 0-0 9. Ne2 Qd7 10. 0-0 Bh3 11. Rb1 b6 12. Qa4 Bxg2 13. Kxg2 Ng4 14. h3 Nf6 15. f4 Ne7 16. Qc2 Ne8 17. f5 f6 18. g4 c5 19. Kh2 g6 20. Ng3 gxf5 21. gxf5 Ng7 22. Rg1 Kh8 23. Bh6 Rg8 24. Rg2 Qe8 25. Qe2 Qa4 26. Rbg1 Raf8 27. Nh5 Rf7 28. Nxg7 Qxa3 29. Ne6 Rxg2+ 30. Qxg2 Qxc3 31. Bf8 Rxf8 32. Qg7# 1-0